000 00617cam a2200193 4500
001 WB3639-27
008 000000n2000 000 0 eng u
035 _a(Sirsi) u108598
245 _aSmall companies hit by business rates scam
260 _c2000
490 _aFinancial Times
_v 3 October 2000, 2(1)
520 _aLeeds Crown Court heard how a number of small businesses were deceived by three related companies which claimed that business rates could be reduced.
590 _aWB
650 _aBUSINESS RATES
650 _aRATING COWBOYS
650 _aFRAUDULENT TRADING
690 _aLAW
942 _n0
999 _c64828
_d64828